LEADER 01197nam2 22002893i 450 001 SUN0097882 005 20140620114159.871 010 $a88-14-12493-0$d0.00 100 $a20140521d2006 |0itac50 ba 101 $aita 102 $aIT 105 $a|||| ||||| 200 1 $aˆ6: ‰Interferenze$fa cura di Vincenzo Roppo 205 $aMilano : Giuffrè$b2006 210 $aVI$d1081 p. ; 25 cm 215 $aFondo SSPL. 461 1$1001SUN0059010$12001 $aTrattato del contratto$fdiretto da Vincenzo Roppo$v6$1210 $aMilano$cGiuffrè$1215 $avolumi$d25 cm. 620 $dMilano$3SUNL000284 702 1$aRoppo$b, Vincenzo$3SUNV021313 712 $aGiuffrè$3SUNV001757$4650 801 $aIT$bSOL$c20181231$gRICA 856 4 $uhttps://www.giuffre.it/49731/INDICE_471756.pdf 912 $aSUN0097882 950 $aUFFICIO DI BIBLIOTECA DEL DIPARTIMENTO DI GIURISPRUDENZA$d00CONS SSPL.105 (6) $e00SPL207 20140521 950 $aUFFICIO DI BIBLIOTECA DEL DIPARTIMENTO DI GIURISPRUDENZA$d00CONS XV.Ec.162 (6) $e00UBG10062 20140620 996 $aInterferenze$9508704 997 $aUNICAMPANIA LEADER 01599nam 2200553Ia 450 001 9910449794103321 005 20200520144314.0 035 $a(CKB)1000000000008987 035 $a(OCoLC)70756794 035 $a(CaPaEBR)ebrary2001661 035 $a(SSID)ssj0000673495 035 $a(PQKBManifestationID)11449336 035 $a(PQKBTitleCode)TC0000673495 035 $a(PQKBWorkID)10644969 035 $a(PQKB)10274878 035 $a(MiAaPQ)EBC3008496 035 $a(Au-PeEL)EBL3008496 035 $a(CaPaEBR)ebr2001661 035 $a(OCoLC)923623126 035 $a(EXLCZ)991000000000008987 100 $a20030212d2001 uy 1 101 0 $aeng 135 $aurcn||||||||| 181 $ctxt 182 $cc 183 $acr 200 14$aThe Glimpses of the Moon$b[electronic resource] /$fEdith Wharton 210 $aLondon $cElectric Book Co.$dc2001 215 $a1 online resource (265 p.) 300 $aBibliographic Level Mode of Issuance: Monograph 311 $a1-84327-066-8 606 $aSocialites$vFiction 606 $aMarriage$vFiction 606 $aAmericans$xTravel$zEurope$vFiction 606 $aAmerican literature$y19th century 608 $aElectronic books. 615 0$aSocialites 615 0$aMarriage 615 0$aAmericans$xTravel 615 0$aAmerican literature 700 $aWharton$b Edith$f1862-1937.$0163522 712 02$aebrary, Inc 801 0$bMiAaPQ 801 1$bMiAaPQ 801 2$bMiAaPQ 906 $aBOOK 912 $a9910449794103321 996 $aThe Glimpses of the Moon$91932005 997 $aUNINA